00719nam a22002177a 450000500170000002000310001704000350004808200180008310000220010124500420012325000130016526000410017830000310021950400390025052001270028954600090041665000190042565000130044470000240045770000200048120251001103041.0 a9780321612311c10,000?=TSH aMCCCLbeng.eAACR 2nd rev. ed. a513.93076 MIL aMILLER. D Charles aBusiness Mathematics/cCharles Miller a11th ed. aNewYork:bPearson Education,c@2009. axxvii, 694p.:bill,c30cm. aincludes bibliographic referenceth aThis pretest will help you determine your areas of strength and weakness in the business Mathematics presented in the book aeng. aBank Service's aBusiness aSalzman,.A. Stanley aClendenen, Gary